000 02205nam0a2200325 4500
001 RU\NLR\BIBL_A\022704514
005 20260120122919.0
010 _a978-5-907799-24-0
_9300
021 _aRU
_bКН-П-25-061902
_9КН-П-25-5984
035 _a(NLR Aleph) 022704514
090 _a13534903
_c13534903
100 _a20260120d2024 m y0rusy50 ca
101 0 _achm
102 _aRU
105 _ay z 000 y
181 0 _ai
_baxxe
182 0 _an
200 1 _aКызытсе марий драматургий
_eтуныктымо пособий
_fГ. Н. Бояринова
_gРоссий Федерацийын шанче да кÿшыл образований министерствыже, КШП "Марий кугыжаныш университет" ФКБТТ, Калыкле тÿвыра да калык кокласе коммуникаций институт.
203 _aТекст
_bвизуальный
_cнепосредственный
210 _aЙошкар-Ола
_cМарийский гос. ун-т
_d2024
215 _a187 с.
_d21
320 _aБиблиогр. на с. 185
330 _aДанное учебное пособие составлено в соответствии с требованиями ФГОС высшего образования при реализации образовательных программ высшего образования. Издание адресовано студентам, обучающимся по направлению подготовки 45.03.01 "Филология" и 44.03.05 "Педагогическое образование" (квалификация (степень) "бакалавр"), а также преподавателям-словесникам и всем интересующимся марийской художественной литературой.
541 1 _aСовременная марийская драматургия
_eучебное пособие
_zrus
686 1 _aШ5(2=Мар)-336я73-1
700 1 _aБояринова
_bГ. Н.
_f1960-
_gГалина Никитьевна
_4070
852 _aNLR
_bОНЛ
_jМар.л./3-2867
942 _cBOOK
980 _aNB